Pearls of wisdom : the arts of Islam at the University of Michigan /

محفوظ في:

المؤلف الرئيسي: Gruber, Christiane J., 1976- (مؤلف)

مؤلف مشترك: Kelsey Museum of Archaeology.

مؤلفون آخرون: Dimmig, Ashley.

التنسيق: كتاب

اللغة: English

منشور في: Ann Arbor, Michigan : Kelsey Museum of Archaeology, 2014.

سلاسل: Kelsey Museum publication ; 10.

الموضوعات:

الوسوم: إضافة وسم

لا توجد وسوم, كن أول من يضع وسما على هذه التسجيلة!

رقم الطلب: N6263 .A56 K45 2014

LEADER 01094namaa2200301 4500
001 25219
003 OSt
005 20250824085422.0
008 130303s2014 miua b 001 0 eng d
020 |a 0990662306 (pbk.) 
020 |a 9780990662303 (pbk.) 
040 |c ARCE Library 
050 4 |a N6263 .A56 K45 2014 
100 1 |a Gruber, Christiane J.,   |d 1976-   |e author 
245 1 0 |a Pearls of wisdom :   |b the arts of Islam at the University of Michigan /   |c Christiane Gruber and Ashley Dimmig. 
264 1 |a Ann Arbor, Michigan :   |b Kelsey Museum of Archaeology,   |c 2014. 
300 |a 121 pages :   |b illustrations ;   |c 21 cm. 
490 0 |a Kelsey Museum publication ;   |v 10. 
500 |a Catalog of an exhibition held at Kelsey Museum of Archaeology. 
504 |a Includes bibliographical references and index. 
610 2 0 |a University of Michigan  |x Art collections. 
650 0 |a Islamic art  |v Exhibitions. 
650 0 |a Islamic art  |z Ann Arbor. 
700 1 |a Dimmig, Ashley.  |9 29054 
710 2 |a Kelsey Museum of Archaeology.  |9 22703 
901 |a reviewed 
942 |c BK  |2 lcc 
999 |c 21171  |d 21171